|
|
|
|
| LEADER |
01096nam a2200289 a 4500 |
| 001 |
4964696 |
| 008 |
100922m20061998nju b 001 0 eng d |
| 010 |
|
|
|a 97044182
|
| 020 |
|
|
|a 8131703266
|
| 020 |
|
|
|a 013496456X
|
| 040 |
|
|
|a DLC
|c DLC
|d DLC
|d DB-DhAAL
|
| 082 |
0 |
0 |
|a 621.382/2
|2 21
|
| 100 |
1 |
|
|a Ziemer, Rodger E.
|
| 245 |
1 |
0 |
|a Signals and systems :
|b continuous and discrete /
|c Rodger E. Ziemer, William H. Tranter, D. Ronald Fannin.
|
| 250 |
|
|
|a 4th ed.
|
| 260 |
|
|
|a Upper Saddle River, NJ ;
|a New Delhi :
|b Pearson/Prentice Hall,
|c c1998.[impression 2006]
|
| 300 |
|
|
|a xvii, 622 p. ;
|c 24 cm.
|
| 500 |
|
|
|a Includes index.
|
| 541 |
1 |
|
|e 00016060
|
| 650 |
|
0 |
|a System analysis.
|
| 650 |
|
0 |
|a Discrete-time systems.
|
| 650 |
|
0 |
|a Digital filters (Mathematics)
|
| 700 |
1 |
|
|a Tranter, William H.
|
| 700 |
1 |
|
|a Fannin, D. Ronald.
|
| 852 |
4 |
|
|a Ayesha Abed Library
|j General Shelf.
|
| 999 |
|
|
|c 9515
|d 9515
|
| 952 |
|
|
|0 0
|1 0
|2 ddc
|4 0
|6 621_382200000000000_ZIE
|7 0
|9 11951
|a BRACUL
|b BRACUL
|c GEN
|d 2010-09-22
|l 13
|m 127
|o 621.3822 ZIE
|p 3010016060
|r 2026-01-31
|s 2026-01-31
|t 1
|w 2010-09-22
|y BK
|x Koha Inventory 2020
|